[Event "SVK-chT4 A21 1718"]
[Site "Slovakia"]
[Date "2017.10.15"]
[Round "2.5"]
[White "Nedorost, Lubomir"]
[Black "Mudroch, Martin"]
[Result "1-0"]
[WhiteElo "1639"]
[BlackElo "1344"]
[PlyCount "41"]
[EventDate "2017.10.01"]
[EventType "team-tourn"]
[EventRounds "11"]
[EventCountry "SVK"]
[SourceTitle "EXT 2019"]
[Source "ChessBase"]
[SourceDate "2018.10.10"]
[SourceVersion "1"]
[SourceVersionDate "2018.10.10"]
[SourceQuality "1"]
[WhiteTeam "Piestany Kupele II"]
[BlackTeam "Senica CVC II"]
[WhiteTeamCountry "SVK"]
[BlackTeamCountry "SVK"]

1. e4 c6 2. Nc3 d5 3. e5 Bf5 4. d4 e6 5. Bd3 Bxd3 6. Qxd3 Nd7 7. f4 c5 8. Nge2 Qb6 9. 0-0 0-0-0 10. a4 a6 11. a5 Qa7 12. Na4 Kb8 13. f5 cxd4 14. fxe6 fxe6 15. Rf7 Ka8 16. Rxd7 Rxd7 17. Nb6+ Kb8 18. Nxd7+ Ka8 19. Nxf8 Ne7 20. Nxe6 g6 21. N2xd4 1-0

[Event "SVK-chT4A21 1415"]
[Site "Slovakia"]
[Date "2015.02.01"]
[Round "8.5"]
[White "Mudroch, Martin"]
[Black "Kastler, Peter"]
[Result "0-1"]
[WhiteElo "1342"]
[BlackElo "1757"]
[PlyCount "46"]
[EventDate "2014.10.12"]
[EventType "team-tourn"]
[EventRounds "11"]
[EventCountry "SVK"]
[SourceTitle "EXT 2022"]
[Source "ChessBase"]
[SourceDate "2021.10.06"]
[SourceVersion "1"]
[SourceVersionDate "2021.10.06"]
[SourceQuality "1"]
[WhiteTeam "Senica CVC II"]
[BlackTeam "Gbely Nafta II"]
[WhiteTeamCountry "SVK"]
[BlackTeamCountry "SVK"]

1. e4 e6 2. d4 d5 3. e5 c5 4. c3 Nc6 5. Nf3 Qb6 6. Be2 Nh6 7. 0-0 Nf5 8. b3 cxd4 9. cxd4 Nfxd4 10. Nxd4 Qxd4 11. Qxd4 Nxd4 12. Bd3 Bd7 13. Nc3 Rc8 14. Be3 Rxc3 15. Bxd4 Rxd3 16. Bxa7 Ba3 17. Be3 0-0 18. Bc1 Bb4 19. Bb2 Rc8 20. Rfc1 Bc3 21. Bxc3 Rdxc3 22. Rxc3 Rxc3 23. Kf1 Rc2 0-1

[Event "SVK-chT5 SE-SI 1415"]
[Site "Slovakia"]
[Date "2014.12.13"]
[Round "5.2"]
[White "Tomasovic, Roman"]
[Black "Mudroch, Martin"]
[Result "1/2-1/2"]
[WhiteElo "1363"]
[BlackElo "1342"]
[PlyCount "80"]
[EventDate "2014.10.18"]
[EventType "team-tourn"]
[EventRounds "11"]
[EventCountry "SVK"]
[SourceTitle "EXT 2022"]
[Source "ChessBase"]
[SourceDate "2021.10.06"]
[SourceVersion "1"]
[SourceVersionDate "2021.10.06"]
[SourceQuality "1"]
[WhiteTeam "Stefanov II"]
[BlackTeam "Senica CVC III"]
[WhiteTeamCountry "SVK"]
[BlackTeamCountry "SVK"]

1. d4 d5 2. c4 c6 3. e3 Nf6 4. Nc3 Bf5 5. Nf3 Nbd7 6. Qb3 Qb6 7. c5 Qxb3 8. axb3 e6 9. Be2 Be7 10. 0-0 0-0 11. b4 a6 12. h3 Rfe8 13. Nh4 Bc2 14. f4 Ne4 15. Nf3 Ng3 16. Rf2 Be4 17. Nxe4 dxe4 18. Nd2 f5 19. Nf1 Nxe2+ 20. Rxe2 Nf6 21. Kh2 Nd5 22. Bd2 g5 23. g3 Kf7 24. Rg2 h5 25. Re1 Rh8 26. Ree2 Rag8 27. Be1 h4 28. fxg5 Bxg5 29. gxh4 Bxh4 30. Rxg8 Kxg8 31. Bd2 Kf7 32. Rg2 Rg8 33. Rxg8 Kxg8 34. Kg2 Kg7 35. Ng3 Kg6 36. Ne2 Bg5 37. Kf2 Kh5 38. Nf4+ Bxf4 39. exf4 Kh4 40. Kg2 Kh5 1/2-1/2

[Event "SVK-chT4A21 1314"]
[Site "Slovakia"]
[Date "2014.03.30"]
[Round "11.2"]
[White "Lajda, Dusan"]
[Black "Mudroch, Martin"]
[Result "1-0"]
[WhiteElo "1863"]
[BlackElo "1360"]
[PlyCount "45"]
[EventDate "2013.10.06"]
[EventType "team-tourn"]
[EventRounds "11"]
[EventCountry "SVK"]
[SourceTitle "EXT 2022"]
[Source "ChessBase"]
[SourceDate "2021.10.06"]
[SourceVersion "1"]
[SourceVersionDate "2021.10.06"]
[SourceQuality "1"]
[WhiteTeam "Vrbove"]
[BlackTeam "Senica CVC II"]
[WhiteTeamCountry "SVK"]
[BlackTeamCountry "SVK"]

1. e4 c6 2. d4 d5 3. e5 Bf5 4. Nf3 Nd7 5. c3 e6 6. Bd3 Bxd3 7. Qxd3 Be7 8. 0-0 Qb6 9. Nbd2 0-0-0 10. b4 Nh6 11. Nb3 Nf5 12. a4 a6 13. Bd2 h5 14. Rfb1 Rdg8 15. b5 c5 16. Nxc5 Nxc5 17. dxc5 Bxc5 18. bxa6 Qxa6 19. Rb5 Qa7 20. Rab1 b6 21. Nd4 Ne7 22. Nb3 Qa6 23. Nxc5 1-0

[Event "SVK-chT4A21 1213"]
[Site "Slovakia"]
[Date "2013.03.17"]
[Round "11.4"]
[White "Mudroch, Martin"]
[Black "Bango, Lukas"]
[Result "0-1"]
[WhiteElo "1309"]
[BlackElo "1722"]
[PlyCount "52"]
[EventDate "2012.10.14"]
[EventType "team-tourn"]
[EventRounds "11"]
[EventCountry "SVK"]
[SourceTitle "EXT 2022"]
[Source "ChessBase"]
[SourceDate "2021.10.06"]
[SourceVersion "1"]
[SourceVersionDate "2021.10.06"]
[SourceQuality "1"]
[WhiteTeam "Senica CVC II"]
[BlackTeam "Modranka Komplet Juniors"]
[WhiteTeamCountry "SVK"]
[BlackTeamCountry "SVK"]

1. e4 d6 2. Nf3 Nf6 3. Nc3 g6 4. e5 Nfd7 5. d4 Bg7 6. Bf4 0-0 7. Qd2 c5 8. exd6 exd6 9. Bxd6 Re8+ 10. Be2 cxd4 11. Nxd4 Nb6 12. Ndb5 Nc4 13. Qd5 Be6 14. Qxb7 Nxd6 15. Nxd6 Qxd6 16. Qxa8 Bxc3+ 17. bxc3 Bd5 18. Qxa7 Bxg2 19. Qa4 Qe5 20. 0-0-0 Bc6 21. Qb3 Bxh1 22. Bc4 Qf4+ 23. Kb2 Bc6 24. Bxf7+ Qxf7 25. Qxf7+ Kxf7 26. c4 Re2 0-1

[Event "SVK-chT4A21 1213"]
[Site "Slovakia"]
[Date "2013.02.17"]
[Round "9.4"]
[White "Mudroch, Martin"]
[Black "Wallner, Juraj"]
[Result "1/2-1/2"]
[WhiteElo "1309"]
[BlackElo "1495"]
[PlyCount "82"]
[EventDate "2012.10.14"]
[EventType "team-tourn"]
[EventRounds "11"]
[EventCountry "SVK"]
[SourceTitle "EXT 2022"]
[Source "ChessBase"]
[SourceDate "2021.10.06"]
[SourceVersion "1"]
[SourceVersionDate "2021.10.06"]
[SourceQuality "1"]
[WhiteTeam "Senica CVC II"]
[BlackTeam "Stefanov"]
[WhiteTeamCountry "SVK"]
[BlackTeamCountry "SVK"]

1. e4 c5 2. Nf3 e6 3. d4 d5 4. exd5 exd5 5. Nc3 Nf6 6. Bf4 a6 7. Be2 cxd4 8. Nxd4 Nc6 9. 0-0 Be7 10. Re1 0-0 11. Bf3 Re8 12. a3 Qb6 13. Nxc6 bxc6 14. Na4 Qd8 15. Be3 Rb8 16. b4 Bd7 17. Nc5 Bxc5 18. Bxc5 Be6 19. Qd3 Qc8 20. Bd6 Ra8 21. Rac1 Nd7 22. Qd4 Qd8 23. Be2 Qf6 24. Qxf6 Nxf6 25. Bd3 Rec8 26. f3 Nd7 27. f4 g6 28. c4 Nf6 29. c5 Ne8 30. Be5 Nc7 31. a4 Kf8 32. h3 Ne8 33. g4 Rd8 34. f5 Bd7 35. Rf1 Kg8 36. Rf3 Ng7 37. fxg6 hxg6 38. Rcf1 Be8 39. Kh2 Ne6 40. h4 Rd7 41. Rg3 Rb7 1/2-1/2

[Event "SVK-chT5 SE-SI 1213"]
[Site "Slovakia"]
[Date "2013.02.09"]
[Round "11.2"]
[White "Mudroch, Martin"]
[Black "Sukopcak, Miroslav"]
[Result "1/2-1/2"]
[WhiteElo "1309"]
[BlackElo "1712"]
[PlyCount "29"]
[EventDate "2012.10.06"]
[EventType "team-tourn"]
[EventRounds "14"]
[EventCountry "SVK"]
[SourceTitle "EXT 2022"]
[Source "ChessBase"]
[SourceDate "2021.10.06"]
[SourceVersion "1"]
[SourceVersionDate "2021.10.06"]
[SourceQuality "1"]
[WhiteTeam "Senica CVC III"]
[BlackTeam "Senica Slovakia"]
[WhiteTeamCountry "SVK"]
[BlackTeamCountry "SVK"]

1. e4 c5 2. Nf3 d6 3. d4 cxd4 4. Nxd4 a6 5. Nc3 e5 6. Nf3 Be6 7. Be2 Be7 8. Be3 Nc6 9. 0-0 Nf6 10. Ng5 Bd7 11. Qd2 h6 12. Nf3 Be6 13. Nh4 Qc7 14. f3 g5 15. Nd5 1/2-1/2

[Event "SVK-chT5 SE-SI 1213"]
[Site "Slovakia"]
[Date "2012.10.13"]
[Round "2.2"]
[White "Baumgartner, Milan"]
[Black "Mudroch, Martin"]
[Result "1-0"]
[WhiteElo "1558"]
[BlackElo "1309"]
[PlyCount "45"]
[EventDate "2012.10.06"]
[EventType "team-tourn"]
[EventRounds "14"]
[EventCountry "SVK"]
[SourceTitle "EXT 2022"]
[Source "ChessBase"]
[SourceDate "2021.10.06"]
[SourceVersion "1"]
[SourceVersionDate "2021.10.06"]
[SourceQuality "1"]
[WhiteTeam "Skalica IV"]
[BlackTeam "Senica CVC III"]
[WhiteTeamCountry "SVK"]
[BlackTeamCountry "SVK"]

1. c4 e5 2. Nc3 Nf6 3. e4 Bc5 4. h3 Nc6 5. a3 0-0 6. d3 h6 7. Be3 b6 8. Nf3 d6 9. Be2 Re8 10. 0-0 Bd7 11. Qd2 Bxe3 12. fxe3 Ne7 13. d4 exd4 14. exd4 Nc6 15. Bd3 Qc8 16. Qf2 Qb7 17. Qg3 Re7 18. Nh4 Nh5 19. Qe3 Rae8 20. Rf2 Nd8 21. Raf1 Nf6 22. Rxf6 gxf6 23. Qxh6 1-0

[Event "SVK-ch U14"]
[Site "Liptovsky Mikulas"]
[Date "2007.04.26"]
[Round "8"]
[White "Mudroch, Martin"]
[Black "Galik, Martin"]
[Result "0-1"]
[WhiteElo "1350"]
[BlackElo "1350"]
[PlyCount "54"]
[EventDate "2007.04.22"]
[EventType "swiss"]
[EventRounds "9"]
[EventCountry "SVK"]
[SourceTitle "EXT 2008"]
[Source "ChessBase"]
[SourceDate "2007.11.25"]
[SourceVersion "1"]
[SourceVersionDate "2007.11.25"]
[SourceQuality "1"]

1. e4 e5 2. Nf3 Nc6 3. Bc4 Bc5 4. c3 d6 5. d4 exd4 6. cxd4 Bb4+ 7. Nc3 Nf6 8. Bg5 h6 9. Bxf6 Qxf6 10. 0-0 Qg6 11. Re1 Bh3 12. g3 0-0-0 13. Qb3 f5 14. Nh4 Qg4 15. Bf1 Nxd4 16. Qxb4 Nc2 17. Qa5 Nxa1 18. Rxa1 g5 19. Bxh3 Qxh3 20. Ng6 Rh7 21. Re1 f4 22. Kh1 fxg3 23. fxg3 Rf7 24. Rg1 Rf2 25. Ne7+ Kb8 26. Nc6+ bxc6 27. Qb4+ Kc8 0-1

[Event "SVK-ch U14"]
[Site "Liptovsky Mikulas"]
[Date "2007.04.24"]
[Round "4"]
[White "Mudroch, Martin"]
[Black "Kukucka, Matej"]
[Result "0-1"]
[WhiteElo "1350"]
[BlackElo "1403"]
[PlyCount "67"]
[EventDate "2007.04.22"]
[EventType "swiss"]
[EventRounds "9"]
[EventCountry "SVK"]
[SourceTitle "EXT 2008"]
[Source "ChessBase"]
[SourceDate "2007.11.25"]
[SourceVersion "1"]
[SourceVersionDate "2007.11.25"]
[SourceQuality "1"]

1. e4 e6 2. Nf3 d5 3. exd5 exd5 4. d4 Bd6 5. Bd3 Bg4 6. 0-0 Ne7 7. Be3 c6 8. Nbd2 0-0 9. h3 Bh5 10. Qe1 Nd7 11. Be2 Qc7 12. g3 Rae8 13. Ng5 Bxe2 14. Qxe2 Ng6 15. Qd3 f6 16. Ngf3 Bxg3 17. fxg3 Qxg3+ 18. Kh1 Qxh3+ 19. Kg1 Nh4 20. Rf2 Nxf3+ 21. Rxf3 Qg4+ 22. Kf2 Qe6 23. Ke2 Nb6 24. Rg3 Rf7 25. Rh1 g6 26. Kd1 f5 27. Rf1 f4 28. Rgf3 fxe3 29. Qe2 Rxf3 30. Nxf3 Rf8 31. Re1 Qe4 32. Ng5 Qxd4+ 33. Kc1 Nc4 34. Rd1 0-1